000 00655nam a2200229Ia 4500
003 OSt
005 20250715184654.0
008 210423s2005 xx 000 0 und d
020 _a8122901883
040 _cAL
041 _aEnglish
082 _a070.411
_bKELS
100 _aKevin M Kelleghan
_979239
245 _aSupervisory skills
_b: for editors news directors and producers
260 _aNew Delhi
_bSurjeeth Publications
_c2005
300 _ahx,202p.
_bPB
_c22.5x15cm.
365 _b225
_cINR
650 _aEditing
_979240
650 _aJournalism
_979241
906 _adirectors ; editors ; news ; producers ; Supervisory
942 _2ddc
_cBK
999 _c156277
_d156277